书目信息 |
| 题名: |
文学在思考什么?
|
|
| 作者: | 马舍雷 著 ;张新木 , 张璐 译 | |
| 分册: | ||
| 出版信息: | 南京 译林出版社 2011.1 |
|
| 页数: | 308页 | |
| 开本: | 21cm | |
| 丛书名: | 名家文学讲坛 | |
| 单 册: | ||
| 中图分类: | I0-02 | |
| 科图分类: | ||
| 主题词: | 文学理论--文化哲学 | |
| 电子资源: | ||
| ISBN: | 978-7-5447-1571-3 | |
| 000 | 01323nam 2200301 45 | |
| 001 | 516 | |
| 005 | 20120601082735.01 | |
| 010 | @a978-7-5447-1571-3@dCNY32.00 | |
| 100 | @a20120328d2011 em y0chiy0110 ea | |
| 101 | 1 | @achi@cfre |
| 102 | @aCN@b320000 | |
| 105 | @aa a 000yy | |
| 106 | @ar | |
| 200 | 1 | @a文学在思考什么?@AWen Xue Zai Si Kao Shi Me ?@f(法) 皮埃尔·马舍雷著@F( Fa ) Pi Ai Er· Ma She Lei Zhu@d= A quoi pense la litterature?@fPierre Macherey@g张璐,张新木译@zeng |
| 210 | @a南京@c译林出版社@d2011.1 | |
| 215 | @a308页@c图@d21cm | |
| 225 | 2 | @a名家文学讲坛 |
| 330 | @a本书从文学领域中借鉴了萨德、斯达尔夫人、乔治·桑、雨果、福楼拜、巴塔耶、鲁塞尔、塞利纳和格诺的作品,借助对文学作品的哲学分析,积极地回答了这个问题。在作者看来,文学也是一种思辨的操作者,是真正的思想机器。针对广为流传的“科学哲学”的概念,作者提出其应该让位于某种“文学哲学”的概念,文学哲学将以自己的方式创造真理的效果。 | |
| 461 | 0 | @12001 @a名家文学讲坛 |
| 510 | 1 | @aA quoi pense la litterature?@zeng |
| 517 | 1 | @a文学哲学的练习@AWen Xue Zhe Xue De Lian Xi |
| 606 | 0 | @a文学理论@x文化哲学 |
| 690 | @aI0-02@v4 | |
| 701 | 1 | @a马舍雷@AMa She Lei@g(Macherey, Pierre),@f1938-@4著 |
| 702 | 0 | @a张新木@AZhang Xin Mu@4译 |
| 702 | 0 | @a张璐@AZhang Lu@4译 |
| 801 | 0 | @aCN@bTSTCL@c20120328 |
| 905 | @b0814518-24@dI0-02@e401@f7 | |
| 文学在思考什么?/(法) 皮埃尔·马舍雷著= A quoi pense la litterature?/Pierre Macherey/张璐,张新木译.-南京:译林出版社,2011.1 |
| 308页:图;21cm.-(名家文学讲坛) |
| ISBN 978-7-5447-1571-3:CNY32.00 |
| 本书从文学领域中借鉴了萨德、斯达尔夫人、乔治·桑、雨果、福楼拜、巴塔耶、鲁塞尔、塞利纳和格诺的作品,借助对文学作品的哲学分析,积极地回答了这个问题。在作者看来,文学也是一种思辨的操作者,是真正的思想机器。针对广为流传的“科学哲学”的概念,作者提出其应该让位于某种“文学哲学”的概念,文学哲学将以自己的方式创造真理的效果。 |
| ● |
| 相关链接 |
|
|
|
|
正题名:文学在思考什么?
索取号:I0-02/401
 
预约/预借
| 序号 | 登录号 | 条形码 | 馆藏地/架位号 | 状态 | 备注 |
| 1 | 0814518 | 208145185 | 第一样本阅览室/ [索取号:I0-02/401] | 在馆 | |
| 2 | 0814519 | 208145194 | 第二借阅区/ [索取号:I0-02/401] | 在馆 | |
| 3 | 0814520 | 208145201 | 第二借阅区/ [索取号:I0-02/401] | 在馆 | |
| 4 | 0814521 | 208145210 | 第二借阅区/ [索取号:I0-02/401] | 在馆 | |
| 5 | 0814522 | 208145229 | 第二借阅区/ [索取号:I0-02/401] | 在馆 | |
| 6 | 0814523 | 208145238 | 第二借阅区/ [索取号:I0-02/401] | 在馆 | |
| 7 | 0814524 | 208145247 | 第二借阅区/ [索取号:I0-02/401] | 在馆 |